[Event "BLR-ch (Women)"]
[Site "Minsk"]
[Date "2010.01.19"]
[Round "6"]
[White "Ziaziulkina, Nastassia"]
[Black "Kasperovich, Ekaterina"]
[Result "1-0"]
[WhiteElo "2101"]
[BlackElo "2101"]
[PlyCount "97"]
[EventDate "2010.01.14"]
[EventType "tourn"]
[EventRounds "9"]
[EventCountry "BLR"]
[SourceTitle "CBM 134 Extra"]
[Source "ChessBase"]
[SourceDate "2010.03.03"]
[SourceVersion "1"]
[SourceVersionDate "2010.03.03"]
[SourceQuality "1"]

1. e4 c5 2. Nf3 e6 3. d4 cxd4 4. Nxd4 a6 5. Bd3 Nf6 6. 0-0 d6 7. Kh1 b5 8. a4 bxa4 9. Rxa4 Bb7 10. Qe2 Be7 11. Nd2 0-0 12. N2b3 Qd7 13. Ra2 e5 14. Nf5 Bd8 15. f3 a5 16. Rd1 Qc7 17. Bc4 a4 18. Na1 Nc6 19. c3 Ne8 20. Bb5 Ne7 21. Nxe7+ Bxe7 22. Rxa4 Nf6 23. Nc2 d5 24. Rxa8 Rxa8 25. exd5 Bxd5 26. c4 Be6 27. Ne3 h5 28. Qe1 e4 29. f4 Qc5 30. Bd2 Rd8 31. b4 Qb6 32. Ba4 h4 33. f5 Bc8 34. Bc3 Rxd1 35. Bxd1 h3 36. gxh3 Qc7 37. c5 Qf4 38. Qg3 Qh6 39. Bd4 Ne8 40. b5 Bg5 41. Ng4 Qh7 42. Qe5 Bd7 43. c6 Qxf5 44. cxd7 Qxd7 45. b6 f5 46. b7 Qxb7 47. Qxe8+ Kh7 48. Qh5+ Kg8 49. Qxg5 1-0